Residential Stock Condition Surveys: (Record no. 122229)
[ view plain ]
| 000 -LEADER | |
|---|---|
| fixed length control field | 02022nam a22002537a 4500 |
| 005 - DATE AND TIME OF LATEST TRANSACTION | |
| control field | 20260126152142.0 |
| 008 - FIXED-LENGTH DATA ELEMENTS--GENERAL INFORMATION | |
| fixed length control field | 251210t20251209xxk|||||o|||| 00| 0 eng d |
| 041 ## - LANGUAGE CODE | |
| Language code of text/sound track or separate title | eng |
| 110 ## - MAIN ENTRY--CORPORATE NAME | |
| Corporate author | Royal Institution of Chartered Surveyors |
| 245 ## - TITLE STATEMENT | |
| Title | Residential Stock Condition Surveys: |
| Subtitle | RICS Consultation Draft |
| 260 ## - PUBLICATION INFORMATION | |
| Place of publication | London, |
| Publisher | Royal Institution of Chartered Surveyors, |
| Date | December 2025 |
| 490 ## - SERIES TITLE | |
| Series statement | RICS Consultation |
| 520 ## - ABSTRACT | |
| Abstract | The proposed RICS Residential stock condition survey code of practice 1st edition, is a comprehensive guide outlining key concepts of a stock condition survey, legal and regulatory frameworks, how to prepare for a survey, useful information around post-survey tasks and on implementing changes for the next phase of stock condition surveys that will improve the process and likelihood of a successful outcome.<br/><br/>The code has been developed not just for RICS members and member firms but for housing associations, combined and local authorities, arms-length management organisations (ALMOs) and other organisations involved in stock condition surveys.<br/><br/>By having a consistent code that can be used across all housing, we are ensuring that the highest levels of professionalism and integrity can apply. While the geographic scope of this standard is England and Wales, many of the principles are globally applicable and may support RICS members outside these jurisdictions.<br/><br/>Consultation opened 8 December 2025 and closes 27 January 2025 |
| 650 ## - KEYWORDS | |
| Keywords | HOUSING STANDARDS |
| 650 ## - KEYWORDS | |
| Keywords | STOCK CONDITION SURVEYS |
| 650 ## - KEYWORDS | |
| Keywords | RESIDENTIAL PROPERTY |
| 650 ## - KEYWORDS | |
| Keywords | SOCIAL HOUSING |
| 651 ## - SUBJECT ADDED ENTRY--GEOGRAPHIC NAME | |
| Geographic name | United Kingdom |
| 690 ## - BROAD SUBJECT | |
| Broad subject | Building surveying |
| 9 (RLIN) | 6225 |
| 710 ## - ADDED CORPORATE NAME | |
| Added corporate author | Royal Institution of Chartered Surveyors |
| 856 ## - ONLINE RESOURCE | |
| Uniform Resource Identifier | <a href="https://consultations.rics.org/stockconditionsurveys/consultationHome">https://consultations.rics.org/stockconditionsurveys/consultationHome</a> |
| Public note | Consultation homepage |
| 856 ## - ONLINE RESOURCE | |
| Uniform Resource Identifier | <a href="https://consultations.rics.org/gf2.ti/f/1792802/269844517.1/PDF/-/Residential%20stock%20condition%20survey_iConsult.pdf">https://consultations.rics.org/gf2.ti/f/1792802/269844517.1/PDF/-/Residential%20stock%20condition%20survey_iConsult.pdf</a> |
| Public note | Consultation draft |
| 942 ## - ADDED ENTRY ELEMENTS (KOHA) | |
| Suppress in OPAC | Do not suppress in OPAC |
| Lost status | Damaged status | Not for loan | Current library | Shelving location | Date acquired | Total Checkouts | Full call number | Date last seen | Price effective from | Koha item type |
|---|---|---|---|---|---|---|---|---|---|---|
| Virtual | Online | 10/12/2025 | iConsult | 10/12/2025 | 10/12/2025 | Online material |